| 000 | 01060cam a22003253a 4500 | ||
|---|---|---|---|
| 001 | 12379 | ||
| 003 | PGUSA | ||
| 005 | 20140828083248.0 | ||
| 008 | 040501s2004||||xxu|||||s|||||000 1 eng d | ||
| 040 |
_aPGUSA _beng |
||
| 042 | _adc | ||
| 050 | 4 | _aPG | |
| 100 | 1 |
_aTolstoy, Leo, graf, _d1828-1910 |
|
| 245 | 1 | 0 |
_aYlösnousemus I _h[electronic resource] / _cLeo, graf Tolstoy |
| 260 |
_bProject Gutenberg, _c2004 |
||
| 500 | _aTranslation of Voskresenie. | ||
| 506 | _aPublic domain in the USA. | ||
| 516 | _aElectronic text | ||
| 653 | _aAtonement -- Fiction | ||
| 653 | _aProstitutes -- Russia -- Fiction | ||
| 653 | _aRussia -- Social conditions -- 1801-1917 -- Fiction | ||
| 653 | _aChange -- Religious aspects -- Fiction | ||
| 653 | _aSocial justice -- Russia -- Fiction | ||
| 653 | _aAristocracy (Social class) -- Russia -- Fiction | ||
| 653 | _aTrials (Murder) -- Russia -- Fiction | ||
| 700 | 1 |
_aJärnefelt, Arvid, _d1861-1932 |
|
| 830 | 0 |
_aProject Gutenberg _v12379 |
|
| 856 | 4 | 0 | _uhttp://www.gutenberg.org/ebooks/12379 |
| 942 | _cEB | ||
| 999 |
_c241634 _d241634 |
||